书目信息 |
| 题名: |
办公软件与多媒体高级应用
|
|
| 作者: | 叶苗群 编著 | |
| 分册: | ||
| 出版信息: | 北京 清华大学出版社 2022 |
|
| 页数: | 356页 | |
| 开本: | 26cm | |
| 丛书名: | ||
| 单 册: | ||
| 中图分类: | TP317.1 , TP37 | |
| 科图分类: | ||
| 主题词: | 办公自动化--应用软件--高等学校--教材 , 多媒体技术--高等学校--教材 | |
| 电子资源: | ||
| ISBN: | 978-7-302-59533-5 | |
| 000 | 01023nam0 2200253 450 | |
| 001 | 2230412000 | |
| 005 | 20220929082705.68 | |
| 010 | @a978-7-302-59533-5@dCNY65.00 | |
| 100 | @a20220127d2022 em y0chiy50 ea | |
| 101 | 0 | @achi |
| 102 | @aCN@b110000 | |
| 105 | @aa z 000yy | |
| 200 | 1 | @a办公软件与多媒体高级应用@9ban gong ruan jian yu duo mei ti gao ji ying yong@f叶苗群编著 |
| 210 | @a北京@c清华大学出版社@d2022 | |
| 215 | @a356页@c图@d26cm | |
| 300 | @a21世纪高等学校计算机基础实用系列教材 | |
| 330 | @a本书共分为两部分,部分为办公软件高级应用,包含Word高级应用、Excel高级应用、PowerPoint高级应用。第二部分为多媒体技术应用,包含多媒体技术基础、图像编辑与处理(Photoshop)、动画设计与制作(Animate)、音频编辑与处理(Audition)、视频编辑与合成(Premiere、After Effects)。 | |
| 606 | 0 | @a办公自动化@x应用软件@x高等学校@j教材 |
| 606 | 0 | @a多媒体技术@x高等学校@j教材 |
| 690 | @aTP317.1@v5 | |
| 690 | @aTP37@v5 | |
| 701 | 0 | @a叶苗群@9ye miao qun@4编著 |
| 801 | 0 | @aCN@b91MARC@c20220218 |
| 905 | @aZUCC@dTP317.1@e157 | |
| 办公软件与多媒体高级应用/叶苗群编著.-北京:清华大学出版社,2022 |
| 356页:图;26cm |
| 21世纪高等学校计算机基础实用系列教材 |
| ISBN 978-7-302-59533-5:CNY65.00 |
| 本书共分为两部分,部分为办公软件高级应用,包含Word高级应用、Excel高级应用、PowerPoint高级应用。第二部分为多媒体技术应用,包含多媒体技术基础、图像编辑与处理(Photoshop)、动画设计与制作(Animate)、音频编辑与处理(Audition)、视频编辑与合成(Premiere、After Effects)。 |
| ● |
| 相关链接 |
|
|
|
正题名:办公软件与多媒体高级应用
索取号:TP317.1/157
 
预约/预借
| 序号 | 登录号 | 条形码 | 馆藏地/架位号 | 状态 | 备注 |
| 1 | 2000905690 | 2000905690 | 第三书库/ [索取号:TP317.1/157] | 在馆 | |
| 2 | 2000905691 | 2000905691 | 第三书库/ [索取号:TP317.1/157] | 在馆 | |
| 3 | 2000905692 | 2000905692 | 第三书库/ [索取号:TP317.1/157] | 在馆 |